Tracker November 2015 (Record no. 84798)

MARC details
000 -LEADER
fixed length control field 00922cab a22001935a 4500
001 - CONTROL NUMBER
control field L159090
008 - FIXED-LENGTH DATA ELEMENTS--GENERAL INFORMATION
fixed length control field 150706e2016 xxk 000 0 eng d
035 ## - SYSTEM CONTROL NUMBER
System control number (Sirsi) u159090
041 0# - LANGUAGE CODE
Language code of text/sound track or separate title eng
110 2# - MAIN ENTRY--CORPORATE NAME
Corporate name or jurisdiction name as entry element Experian Economics
9 (RLIN) 5977
245 00 - TITLE STATEMENT
Title Tracker November 2015
260 ## - PUBLICATION, DISTRIBUTION, ETC.
Date of publication, distribution, etc. 2016
490 ## - SERIES STATEMENT
Series statement Building
Volume/sequential designation 282 (8906) 15 January 2016, 42-45(4)
520 ## - SUMMARY, ETC.
Summary, etc. Economic summary of national and regional construction activity in November 2015. The construction activity index drops into negative territory for its third time in 12 months, while most individual regions experience a soft decrease in activity levels. The latest figures from the Office for National Statistics show that total construction output dropped across the quarter, but is marginally up on a year ago.
650 24 - SUBJECT ADDED ENTRY--TOPICAL TERM
Topical term or geographic name entry element EXPERIAN CONSTRUCTION INDUSTRY FOCUS
651 #4 - SUBJECT ADDED ENTRY--GEOGRAPHIC NAME
Geographic name United Kingdom
Chronological subdivision
690 ## - LOCAL SUBJECT ADDED ENTRY--TOPICAL TERM (OCLC, RLIN)
Topical term or geographic name as entry element Construction management
9 (RLIN) 6230
942 ## - ADDED ENTRY ELEMENTS (KOHA)
Suppress in OPAC 0
Holdings
Withdrawn status Lost status Source of classification or shelving scheme Damaged status Not for loan Home library Current library Shelving location Date acquired Total Checkouts Full call number Barcode Date last seen Copy number Price effective from Koha item type
    Dewey Decimal Classification     London London Journal article 15/01/2016   L159090 159090-1001 06/08/2019 1 06/08/2019 Journal article